Convenio de comercio entre España y Cuba firmado en Madrid el 15 de julio de 1927. (Record no. 47179)
[ view plain ]
| 000 -LEADER | |
|---|---|
| campo de control de longitud fija | 00541nam a2200181 i 4500 |
| 001 - NÚMERO DE CONTROL | |
| campo de control | 47179 |
| 003 - IDENTIFICADOR DE NÚMERO DE CONTROL | |
| campo de control | ES-MaACL |
| 005 - FECHA Y HORA DE LA ÚLTIMA TRANSACCIÓN | |
| campo de control | 20250827062603.0 |
| 007 - CAMPO FIJO DE DESCRIPCIÓN FÍSICA--INFORMACIÓN GENERAL | |
| campo de control de longitud fija | t| |
| 008 - DATOS DE LONGITUD FIJA--INFORMACIÓN GENERAL | |
| campo de control de longitud fija | 030404s1927 sp ||||1| spa d |
| 110 1# - ENTRADA PRINCIPAL--NOMBRE DE ENTIDAD CORPORATIVA | |
| Nombre de entidad corporativa o nombre de jurisdicción como elemento de entrada | España |
| 9 (RLIN) | 3622 |
| 240 #0 - TÍTULO UNIFORME | |
| Título uniforme | Tratados, etc. Cuba, 1927 |
| 245 10 - MENCIÓN DEL TÍTULO | |
| Título | Convenio de comercio entre España y Cuba firmado en Madrid el 15 de julio de 1927. |
| 260 ## - PUBLICACIÓN, DISTRIBUCIÓN, ETC. | |
| Lugar de publicación, distribución, etc. | Madrid : |
| Nombre del editor, distribuidor, etc. | [s.n., |
| Fecha de publicación, distribución, etc. | 1927] ( |
| Fabricante | Imprenta del Ministerio de Estado) |
| 300 ## - DESCRIPCIÓN FÍSICA | |
| Extensión | 5 p. ; |
| Dimensiones | 23 cm. |
| 852 ## - LOCALIZACIÓN | |
| Ubicación | ES-MaACL |
| Número de control de estantería | 1723-F-6 |
| Estatus retirado | Estado de pérdida | Estado de daño | No para préstamo | Colección | Biblioteca de origen | Biblioteca actual | Ubicación en estantería | Fecha de adquisición | Fuente de adquisición | Total de préstamos | Signatura topográfica completa | Código de barras | Visto por última vez | Precio de reemplazo | Tipo de ítem Koha |
|---|---|---|---|---|---|---|---|---|---|---|---|---|---|---|---|
| Colección de folletos | Biblioteca del Ateneo de Madrid | Biblioteca del Ateneo de Madrid | Depósito folletos | 17/01/2008 | 1723-F-6 | 1049624 | 23/02/2023 | 23/02/2023 | Folleto |
